00492 2200181 4500001002100000005001500021035002000036008004100056245008500097100001400182260004100196300001200237084001400249082000800263650001500271250000600286990001800292INLIS00000000000035020240813102911 a0010-0724000350240813 0 ind 1 aBuku Pintar Seri Seri Senior :bSejarah dan Peristiwa /cBuku pintar Seri Senior aIwan Gayo aJakarta :bUpaya Warga Negara,c1986 a800 hlm a081 IWA b a081 4aKarya Umum a2 aP29/CP/24/350